1022 1695 1827 1239 1477 1045 1603 1677 1486 1288 1146 1371 1876 1336 1128 1125 1015 1302 1537 1160 1653 1770 1176 1686 1218 1523 1409 1335 1023 1826 1266 1303 1771 1123 1146 1322 1489 1054 1539 1327 1714 1122 1744 1408 1128 1920 1183 1676 1828 1262 1083 1773 1677 1236 1567 1973 1413 1403 1552 1925 1043 1074 1066 1182 1551 1869 1028 1206 1469 1921 1005 1316 1988 1577 1531 1219 1346 1803 1045 1307 1429 1230 1818 1162 1879 1322 1976 1303 1359 1501 1382 1464 1014 1141 1251 1656 1626 1137 1321 BCNSPRNW ULIB Ver.6.0+V

เปลี่ยนเป็นภาษาไทย

Change to English
 แสดงรายละเอียดบรรณานุกรม
  กลับหน้าหลัก

Brief Record : Get Marc (ISO 2709) : E-mail record : QR code < ปิดหน้าต่าง
LEADER : 00000nam 2200000uu 4500
001    13399111235
003     ULIB
008    110621s2551||||th 000 0 tha d
020    9789747306248
050  4 HD37.75^bช486ท 2551
100 0  ชาญชัย อาจินสมาจาร
245 10 ทฤษฎีการบริหารตามแนวคิดของปราชญ์ตะวันตก =^bTheories ofadministration /^cชาญชัย อาจินสมาจาร
246 31 Theories of administration
260    กรุงเทพฯ :^bปัญญาชน,^c2551
300    167 หน้า :^bภาพประกอบ ;^c21 ซม.
650  7 การบริหาร^xทฤษฎี
650  7 การบริหาร
945    ^p139^l0^i18070
995    กัณชพร
999 ^a ใช้งานได้ทุกระบบ
รายการนี้ยังไม่มีแท็ก
คุณยังไม่ได้ล็อกอิน คุณสามารถมีกิจกรรมร่วมกับเว็บไซต์ได้ แต่ต้องล็อกอินก่อน ::
  ล็อกอิน

รายการสื่อสารสนเทศ

ลำดับที่ ประเภท เลขเรียก/บาร์โค้ด สถานที่ สถานะ
- ไม่พบข้อมูล -

รายการใกล้เคียง
    ผู้แต่ง [ชาญชัย อาจินสมาจาร]

    หัวเรื่อง [การบริหาร]

BibComment


ยังไม่เคยถูกคอมเมนท์

คอมเมนท์ทรัพยากรรายการนี้
  คอมเมนท์: ทฤษฎีการบริหารตาม..


 Copyright 2026. Bcnsprnw @Library